Laser Spectroscopy : Proceedings of the XVI International Conference

Tallennettuna:
Bibliografiset tiedot
Aineistotyyppi: Sách
Kieli:Undetermined
Julkaistu:  Word Scientific  2004
Aiheet:
Tagit: Lisää tagi
Ei tageja, Lisää ensimmäinen tagi!
Thư viện lưu trữ: Trung tâm Thư viện - Trường Đại học Công nghiệp TP. Hồ Chí Minh
LEADER 00439nam a2200133Ia 4500
001 UIH_07666
008 231011s9999 xx 000 0 und d
082 |a  535.84 
245 0 |a  Laser Spectroscopy : Proceedings of the XVI International Conference 
260 |b  Word Scientific 
260 |c  2004 
650 |a  Quang phổ;  
927 |a Sách 
980 |a Trung tâm Thư viện - Trường Đại học Công nghiệp TP. Hồ Chí Minh